Chapaev and His Comrades (Record no. 24048)

MARC details
000 -LEADER
fixed length control field 00700nam a2200121Ia 4500
008 - FIXED-LENGTH DATA ELEMENTS--GENERAL INFORMATION
fixed length control field 220620s9999||||xx |||||||||||||| ||und||
100 ## - MAIN ENTRY--PERSONAL NAME
Personal name Brintlinger, Angela
245 #0 - TITLE STATEMENT
Title Chapaev and His Comrades
Remainder of title War and the Russian Literary Hero across the Twentieth Century
546 ## - LANGUAGE NOTE
Language note English[eng]
650 ## - SUBJECT ADDED ENTRY--TOPICAL TERM
Topical term or geographic name entry element Arts||Literary Criticism||Aleksandr Tvardovsky||Moscow||Nikolay Nekrasov||Russian literature||Russians||Sergei Dovlatov||Soviet Union||Vasily Chapayev||World War II
856 ## - ELECTRONIC LOCATION AND ACCESS
Uniform Resource Identifier <a href="https://library.oapen.org/bitstream/20.500.12657/30926/1/641416.pdf||https://library.oapen.org/bitstream/20.500.12657/30926/1/641416.pdf||https://library.oapen.org/bitstream/20.500.12657/30926/1/641416.pdf">https://library.oapen.org/bitstream/20.500.12657/30926/1/641416.pdf||https://library.oapen.org/bitstream/20.500.12657/30926/1/641416.pdf||https://library.oapen.org/bitstream/20.500.12657/30926/1/641416.pdf</a>
942 ## - ADDED ENTRY ELEMENTS (KOHA)
Koha item type E-Books
Holdings
Withdrawn status Lost status Damaged status Not for loan Home library Current library Date acquired Total Checkouts Date last seen Price effective from Koha item type
        Kerala University of Digital Sciences, Innovation and Technology Knowledge Centre Kerala University of Digital Sciences, Innovation and Technology Knowledge Centre 20/06/2022   20/06/2022 20/06/2022 E-Books